Normal view
MARC view
- التقارير الطبية - المسؤولية الجزائية - القانون - الاردن
Entry Topical Term
001 - CONTROL NUMBER
- control field: 58748
003 - CONTROL NUMBER IDENTIFIER
- control field: JO-AjAnu
005 - DATE AND TIME OF LATEST TRANSACTION
- control field: 20230606083618.0
008 - FIXED-LENGTH DATA ELEMENTS
- fixed length control field: 230606|| aca||aabn | a|a d
040 ## - CATALOGING SOURCE
- Original cataloging agency: JO-AjAnu
- Transcribing agency: JO-AjAnu
150 ## - HEADING--TOPICAL TERM
- Topical term or geographic name entry element: التقارير الطبية - المسؤولية الجزائية - القانون - الاردن
670 ## - SOURCE DATA FOUND
- Source citation: Work cat.: (JO-AjAnu)29967: اعداد الزعبي، صدام عبدالله علي؛ اشراف زيد ابراهيم الفرايبة, author 58747, المسؤولية الجزائية المترتبة عن التقارير الطبية المخالفة للواقع في القانون الاردني ( دراسة مقارنة) = Criminal responsibility after contrary to reality medical reports in the jordanian (A comparative study)